000
00270nam a2200097Ia 4500
008
180205s9999 xx 000 0 und d
100
_a
Smith, Susy
245
_a
Reincarnation for the millinos :
260
_a
New York City
_b
Dell publushing Co,
_c
1967
300
_a
153 pages
999
_c
354751
_d
354751